000 01157cam a22003377a 4500
003 CHAP
005 20220817041234.0
008 971013s1993 r 00010 d
010 _a9392
011 _a10364
035 _a9601
040 _cCHAP
082 _a370.78
_bM6
100 0 0 _aMoctezuma Barragán, Esteban.
_976396
245 1 3 _aLa educación pública frente a las nuevas realidades
260 _aMéxico, D.F. :
_bFondo de Cultura Económica,
_c1993
300 _a232 p.
490 4 _aUna visión de la modernización de México
590 _aBATCH-UPD
_b10
_c20130110
_lUCH01
_h1233
590 _aBATCH-UPD
_b10
_c20130410
_lUCH01
_h0802
590 _aBATCH-UPD
_b10
_c20130914
_lUCH01
_h1235
590 _aCONVERSION
_b10
_c20130109
_lUCH01
_h1306
650 1 4 _aEducación elemental.
650 1 4 _aEducación.
_935409
650 1 4 _aPolítica educativa
_zMéxico.
_990561
830 4 _aUna visión de la modernización de México
_9116089
901 _aBK
942 _cLIBRO
949 _a370.78 M6
_bBC
_cLIBRO
_d33724000378386
_eLIBRO
_gI.c/e
_h85976
_i9601
_si
_t25.00
949 _a370.78 M6
_bBC
_cLIBRO
_d33724000803805
_eLIBRO
_fc.2
_h78845
_i9601
_si
999 _c9392
_d9392